| 000 | 00772cam a22002175a 4500 | ||
|---|---|---|---|
| 001 | L158476 | ||
| 008 | 110228s2014 xxk f 000 0 eng d | ||
| 020 | _a9781845493806 | ||
| 035 | _a(Sirsi) u158476 | ||
| 041 | 0 | _aeng | |
| 110 | 1 |
_aRoyal Institution of Chartered Surveyors _94900 |
|
| 245 | 0 | 0 |
_aBuilding a name _bthe history of the Royal Institution of Chartered Surveyors |
| 260 |
_a[London] _bRICS _c2014 |
||
| 300 |
_a203p. _bcol. ill. _c21cm. |
||
| 520 | _aDescribes the history of surveying and the establishment of the RICS in 1868. Looks at the challenges and opportunities for the profession in the future. | ||
| 590 | _aKA | ||
| 610 | 2 | 4 |
_aRoyal Institution of Chartered Surveyors _94900 |
| 651 | 4 | _aInternational | |
| 690 | _aABOUT RICS | ||
| 942 | _n0 | ||
| 999 |
_c115332 _d115332 |
||